W kuchni na literę "M" - Statystyki

Ogólne statystyki
  • Ten quiz został rozwiązany 130 razy
  • Średni wynik to 4 z 6
Statystyki odpowiedzi
Odpowiedź % Poprawnych
Masło
77%
Miska
71%
Mąka
67%
Mleko
65%
Mięso
50%
Musztarda
23%
Nie znaleziono quizów pasujących do podanych kryteriów
Rozkład punktacji
Procent ludzi z każdym wynikiem
Percentyl według liczby udzielonych odpowiedzi
Twoja historia wyników
Nie rozwiązałeś tego quizu